Le PSG de A à Z - Statistiques

Statistiques générales
  • Ce quiz a été pris 91 fois
  • Le résultat moyen est 17 sur 26
Statistiques - réponses
LETTRE DESCRIPTION RÉPONSE % Correct
D Joueur parisien ayant remporté le ballon d'or en 2025 Ousmane Dembélé
99%
B Véritable star, il a joué seulement quelques mois au PSG en 2013 avant de prendre sa retraite David Beckham
96%
I Club battu 5-0 en finale de ligue des champions en 2025 Inter Milan
95%
C Le PSG est le club le plus titré de cette compétition Coupe de France
93%
N À ce jour, transfert le plus cher de l’histoire du PSG Neymar
92%
M Arrivé au club en 2021, il possède 8 ballons d'or Lionel Messi
91%
O Rival historique du PSG dans le “Classique” Olympique de Marseille
83%
P Attaquant portugais emblématique dans les années 2000, surnommé l'aigle des Açores Pauleta
82%
U Nombre de ligue des champions remportées par le club Une
74%
E Surnom donné à Edinson Cavani, ancien joueur du club El matador
72%
V Milieu de terrain italien emblématique, connu pour sa fidélité au club Marco Verratti
72%
T Monument parisien, symbole souvent associé à l’image du PSG Tour Eiffel
70%
W Il remportera le prix du meilleur joueur FIFA de l'année et le prix du meilleur joueur africain de l'année en 1995 George Weah
67%
R Capitaine lors des grandes années 1990 Raí
63%
L Nom latin de cette ville française que le club représente Lutèce
61%
S Stade anglais mythique dans lequel Thiago Silva a marqué un but mémorable Stamford Bridge
61%
Z Prénom d'un joueur connu pour ses phrases cultes et ses nombreux buts à Paris Zlatan
61%
H Il est connu pour sa grande vitesse et ses montées offensives, étant l’un des défenseurs les plus rapides du PSG Achraf Hakimi
55%
A Formé au PSG, il quitte très jeune le club pour Arsenal avant de revenir brièvement à Paris quelques années plus tard Nicolas Anelka
55%
F Figure historique du club comme joueur et coach Luis Fernandez
54%
X En début 2026, nombre de trophées de Ligue 1 remportés par le PSG en chiffres romains XIII
54%
K Ancien joueur et entraineur du PSG, surnommée le "casque d'or" Antoine Kombouaré
49%
Y Prénom d'un ancien joueur du PSG et champion du monde 1998 Youri
47%
G Au PSG dans les années 1990, célèbre pour ses dribbles spectaculaires et son style élégant sur le terrain David Ginola
38%
Q En chiffres, capacité du stade dans lequel évolue le PSG (arrondir au 1000è inférieur) 48 000
36%
J Nom du magazine officiel du PSG qui raconte matchs, coulisses et interviews du club Journal du PSG
3%
Aucun quiz correspondant
Distribution des résultats
% des personnes avec chaque résultat
Percentile par nombre de réponses
Votre historique - résultats
Vous n’avez pas pris ce quiz